000 00647cam a2200217 a 4500
001 000018523
005 20200929165822.0
008 750401s1974 nyu 000 1 eng d
040 _aDO-SdBNP
_beng
_cLC
_dBNPHU
082 _a813.54
_bC147s
100 1 _aCaldwell, Taylor,
_d1900-1985.
_911077
245 1 4 _aThe sound of thunder /
_cTaylor Caldwell.
260 _aGarden City, New York :
_bBantam,
_c1974.
300 _a570 p. ;
_c18 cm.
490 1 _aBantam Book
650 4 _aNovela estadounidense
_9262
650 4 _aLiteratura estadounidense
_9263
830 0 _aBantam Book
_940058
910 _aCatalogación derivada / LC
049 _aBNGR
999 _c18043
_d18043